[Event "Paris Sophos sim3"]
[Site "Paris"]
[Date "2002.11.08"]
[Round "?"]
[White "Kosten, Anthony C"]
[Black "Oger, David"]
[Result "1-0"]
[WhiteElo "2551"]
[BlackElo "1499"]
[PlyCount "71"]
[EventDate "2002.11.08"]
[EventType "simul"]
[EventRounds "1"]
[EventCountry "FRA"]
[SourceTitle "EXT 2007"]
[Source "ChessBase"]
[SourceDate "2006.11.23"]
[SourceVersion "1"]
[SourceVersionDate "2006.11.23"]
[SourceQuality "1"]

1. e4 e5 2. Nf3 Nc6 3. Bb5 a6 4. Ba4 Nf6 5. Qe2 b5 6. Bb3 Be7 7. 0-0 d6 8. c3 0-0 9. h3 h6 10. d4 Bb7 11. Rd1 exd4 12. cxd4 d5 13. e5 Nd7 14. Bxd5 Rb8 15. Nc3 Kh8 16. Qe4 f5 17. Qe2 Nb4 18. Bxb7 Rxb7 19. a3 Nc6 20. d5 Ncb8 21. e6 Nf6 22. Ne5 Bd6 23. e7 Qe8 24. exf8Q+ Bxf8 25. Re1 Bd6 26. Nc6 Qxe2 27. Rxe2 Nxc6 28. dxc6 Rb8 29. Be3 Ne4 30. Nxe4 fxe4 31. Bd4 Re8 32. Rae1 Be7 33. Rxe4 Rd8 34. Bxg7+ Kxg7 35. Rxe7+ Kh8 36. Rxc7 1-0